[Event "Blitz 2018"]
[Site "Saint-Petersburg"]
[Date "2018.12.30"]
[Round "11"]
[Board "62"]
[White "Bogumil Tatiana (RUS)"]
[Black "Belova Olga (RUS)"]
[Result "1-0"]
[BlackElo "2059"]
[WhiteElo "2140"]
[LiveChessVersion "1.4.8"]

1. Nf3 {[%clk 0:03:03]} d5 {[%clk 0:03:01]} 2. c4 {[%clk 0:03:04]} Nf6
{[%clk 0:02:59]} 3. b3 {[%clk 0:03:06]} c6 {[%clk 0:02:58]} 4. Bb2
{[%clk 0:03:06]} Bg4 {[%clk 0:02:59]} 5. Ne5 {[%clk 0:03:07]} Bf5
{[%clk 0:02:57]} 6. g3 {[%clk 0:03:06]} Nbd7 {[%clk 0:02:54]} 7. Nf3
{[%clk 0:03:06]} e6 {[%clk 0:02:54]} 8. Bg2 {[%clk 0:03:07]} Be7 {[%clk 0:02:53]}
9. O-O {[%clk 0:03:07]} O-O {[%clk 0:02:53]} 10. d3 {[%clk 0:03:09]} Qc7
{[%clk 0:02:50]} 11. Nh4 {[%clk 0:03:02]} Bg6 {[%clk 0:02:50]} 12. Nxg6
{[%clk 0:03:02]} hxg6 {[%clk 0:02:51]} 13. Nd2 {[%clk 0:02:50]} e5
{[%clk 0:02:40]} 14. cxd5 {[%clk 0:02:36]} cxd5 {[%clk 0:02:39]} 15. Nf3
{[%clk 0:02:00]} Rac8 {[%clk 0:01:58]} 16. Rc1 {[%clk 0:01:55]} Qd6
{[%clk 0:01:59]} 17. Qd2 {[%clk 0:01:35]} Rc6 {[%clk 0:01:31]} 18. d4
{[%clk 0:01:33]} e4 {[%clk 0:01:29]} 19. Ne5 {[%clk 0:01:30]} Rcc8
{[%clk 0:01:13]} 20. e3 {[%clk 0:01:25]} g5 {[%clk 0:00:54]} 21. h3
{[%clk 0:01:22]} Qe6 {[%clk 0:00:52]} 22. Qa5 {[%clk 0:01:05]} a6
{[%clk 0:00:39]} 23. Nxd7 {[%clk 0:00:59]} Qxd7 {[%clk 0:00:37]} 24. Bc3
{[%clk 0:00:42]} Qd6 {[%clk 0:00:28]} 25. Bb2 {[%clk 0:00:36]} Nd7
{[%clk 0:00:24]} 26. Kh2 {[%clk 0:00:35]} b5 {[%clk 0:00:24]} 27. a3
{[%clk 0:00:33]} Qh6 {[%clk 0:00:17]} 28. Qd2 {[%clk 0:00:26]} f5
{[%clk 0:00:18]} 29. Rxc8 {[%clk 0:00:25]} Rxc8 {[%clk 0:00:18]} 30. Rc1
{[%clk 0:00:26]} Rc6 {[%clk 0:00:19]} 31. Rxc6 {[%clk 0:00:25]} Qxc6
{[%clk 0:00:20]} 32. Bf1 {[%clk 0:00:20]} Bd6 {[%clk 0:00:11]} 33. Kg2
{[%clk 0:00:20]} f4 {[%clk 0:00:13]} 34. exf4 {[%clk 0:00:18]} gxf4
{[%clk 0:00:14]} 35. gxf4 {[%clk 0:00:17]} Nf6 {[%clk 0:00:14]} 36. Be2
{[%clk 0:00:11]} Qc7 {[%clk 0:00:13]} 37. Bc1 {[%clk 0:00:09]} Qf7
{[%clk 0:00:11]} 38. Qa5 {[%clk 0:00:05]} Qg6+ {[%clk 0:00:09]} 39. Kh2
{[%clk 0:00:05]} Qf5 {[%clk 0:00:06]} 40. Qd8+ {[%clk 0:00:06]} Bf8
{[%clk 0:00:07]} 41. Be3 {[%clk 0:00:06]} Qg6 {[%clk 0:00:06]} 42. Qc8
{[%clk 0:00:05]} Qf7 {[%clk 0:00:07]} 43. Qxa6 {[%clk 0:00:05]} Qc7
{[%clk 0:00:08]} 44. Qxb5 {[%clk 0:00:05]} Qc2 {[%clk 0:00:09]} 45. a4
{[%clk 0:00:06]} Qc7 {[%clk 0:00:03]} 46. a5 {[%clk 0:00:07]} Nh5
{[%clk 0:00:00]} 47. Bxh5 {[%clk 0:00:07]} 1-0

[Event "Blitz 2018"]
[Site "Saint-Petersburg"]
[Date "2018.12.30"]
[Round "12"]
[Board "2"]
[White "Gunina Valentina (RUS)"]
[Black "Khademalsharieh Sarasadat (IRI)"]
[Result "1/2-1/2"]
[BlackElo "2377"]
[WhiteElo "2489"]
[LiveChessVersion "1.4.8"]

1. d4 {[%clk 0:03:03]} Nf6 {[%clk 0:03:03]} 2. c4 {[%clk 0:03:03]} e6
{[%clk 0:03:04]} 3. Nf3 {[%clk 0:03:04]} d5 {[%clk 0:03:05]} 4. g3
{[%clk 0:03:05]} Bb4+ {[%clk 0:03:05]} 5. Bd2 {[%clk 0:03:06]} Bd6
{[%clk 0:03:06]} 6. Bg2 {[%clk 0:03:04]} O-O {[%clk 0:03:06]} 7. c5
{[%clk 0:03:04]} Be7 {[%clk 0:03:06]} 8. O-O {[%clk 0:03:05]} b6 {[%clk 0:03:05]}
9. Qc2 {[%clk 0:02:47]} Ne4 {[%clk 0:02:46]} 10. Be3 {[%clk 0:02:35]} Na6
{[%clk 0:02:30]} 11. Ne5 {[%clk 0:02:16]} bxc5 {[%clk 0:01:50]} 12. Nc6
{[%clk 0:02:17]} Qe8 {[%clk 0:01:47]} 13. Nxe7+ {[%clk 0:02:17]} Qxe7
{[%clk 0:01:48]} 14. dxc5 {[%clk 0:02:17]} Nexc5 {[%clk 0:01:19]} 15. b4
{[%clk 0:02:14]} Ne4 {[%clk 0:01:11]} 16. a3 {[%clk 0:01:58]} Qf6
{[%clk 0:01:04]} 17. Nd2 {[%clk 0:01:46]} Nxd2 {[%clk 0:01:02]} 18. Bxd2
{[%clk 0:01:42]} Bd7 {[%clk 0:01:01]} 19. Bc3 {[%clk 0:01:30]} Qg6
{[%clk 0:01:02]} 20. e4 {[%clk 0:01:26]} c6 {[%clk 0:00:53]} 21. Be5
{[%clk 0:01:07]} Rfc8 {[%clk 0:00:54]} 22. Rac1 {[%clk 0:01:03]} Nc7
{[%clk 0:00:52]} 23. f4 {[%clk 0:01:04]} Ne8 {[%clk 0:00:40]} 24. f5
{[%clk 0:00:43]} exf5 {[%clk 0:00:41]} 25. exf5 {[%clk 0:00:44]} Qh6
{[%clk 0:00:42]} 26. Rce1 {[%clk 0:00:37]} Nd6 {[%clk 0:00:39]} 27. f6
{[%clk 0:00:36]} Nc4 {[%clk 0:00:35]} 28. Bd4 {[%clk 0:00:30]} g6
{[%clk 0:00:33]} 29. Re7 {[%clk 0:00:28]} Bf5 {[%clk 0:00:33]} 30. Qe2
{[%clk 0:00:26]} Qd2 {[%clk 0:00:28]} 31. Qxd2 {[%clk 0:00:23]} Nxd2
{[%clk 0:00:28]} 32. Rc1 {[%clk 0:00:20]} Nc4 {[%clk 0:00:28]} 33. a4
{[%clk 0:00:19]} Re8 {[%clk 0:00:29]} 34. Bf1 {[%clk 0:00:17]} Be6
{[%clk 0:00:28]} 35. b5 {[%clk 0:00:16]} cxb5 {[%clk 0:00:28]} 36. axb5
{[%clk 0:00:17]} Reb8 {[%clk 0:00:23]} 37. Ra1 {[%clk 0:00:13]} Rxb5
{[%clk 0:00:23]} 38. Raxa7 {[%clk 0:00:14]} Rf8 {[%clk 0:00:19]} 39. Reb7
{[%clk 0:00:14]} Rxb7 {[%clk 0:00:20]} 40. Rxb7 {[%clk 0:00:15]} Nd6
{[%clk 0:00:19]} 41. Rb2 {[%clk 0:00:14]} Ne4 {[%clk 0:00:20]} 42. Kg2
{[%clk 0:00:13]} h5 {[%clk 0:00:21]} 43. Bd3 {[%clk 0:00:13]} Rc8
{[%clk 0:00:22]} 44. Kf3 {[%clk 0:00:11]} Bf5 {[%clk 0:00:23]} 45. Kf4
{[%clk 0:00:10]} Nd6 {[%clk 0:00:18]} 46. Be2 {[%clk 0:00:10]} Be6
{[%clk 0:00:17]} 47. Rb6 {[%clk 0:00:10]} Nf5 {[%clk 0:00:17]} 48. Be5
{[%clk 0:00:11]} Rc2 {[%clk 0:00:18]} 49. Bd3 {[%clk 0:00:10]} Rxh2
{[%clk 0:00:19]} 50. Kg5 {[%clk 0:00:11]} Rd2 {[%clk 0:00:18]} 51. Bb1
{[%clk 0:00:09]} Kh7 {[%clk 0:00:19]} 52. Rb7 {[%clk 0:00:09]} Re2
{[%clk 0:00:20]} 53. Bf4 {[%clk 0:00:09]} d4 {[%clk 0:00:20]} 54. Bd3
{[%clk 0:00:08]} Rg2 {[%clk 0:00:20]} 55. Be4 {[%clk 0:00:10]} Rg1
{[%clk 0:00:21]} 56. Bxf5 {[%clk 0:00:09]} gxf5 {[%clk 0:00:22]} 57. Kxh5
{[%clk 0:00:08]} d3 {[%clk 0:00:22]} 58. Rb8 {[%clk 0:00:08]} Rg2
{[%clk 0:00:18]} 59. Rd8 {[%clk 0:00:09]} Bc4 {[%clk 0:00:18]} 60. Kg5
{[%clk 0:00:09]} Be6 {[%clk 0:00:17]} 61. Rxd3 {[%clk 0:00:09]} Rh2
{[%clk 0:00:18]} 62. Bd6 {[%clk 0:00:08]} Rh6 {[%clk 0:00:18]} 63. Be7
{[%clk 0:00:08]} Rg6+ {[%clk 0:00:19]} 64. Kf4 {[%clk 0:00:09]} Rg4+
{[%clk 0:00:20]} 65. Ke4 1/2-1/2

[Event "Blitz 2018"]
[Site "Saint-Petersburg"]
[Date "2018.12.30"]
[Round "12"]
[Board "3"]
[White "Galliamova Alisa (RUS)"]
[Black "Lei Tingjie (CHN)"]
[Result "1/2-1/2"]
[BlackElo "2458"]
[WhiteElo "2417"]
[LiveChessVersion "1.4.8"]

1. d4 {[%clk 0:03:03]} Nf6 {[%clk 0:03:02]} 2. Nf3 {[%clk 0:03:04]} e6
{[%clk 0:03:00]} 3. g3 {[%clk 0:03:04]} c5 {[%clk 0:02:57]} 4. c3
{[%clk 0:03:00]} b6 {[%clk 0:02:51]} 5. Bg2 {[%clk 0:03:01]} Bb7 {[%clk 0:02:52]}
6. O-O {[%clk 0:03:01]} Be7 {[%clk 0:02:53]} 7. Re1 {[%clk 0:02:59]} O-O
{[%clk 0:02:53]} 8. Nbd2 {[%clk 0:02:59]} d5 {[%clk 0:02:44]} 9. Ne5
{[%clk 0:02:59]} Nc6 {[%clk 0:02:43]} 10. Ndf3 {[%clk 0:03:00]} Nxe5
{[%clk 0:02:38]} 11. Nxe5 {[%clk 0:03:01]} Nd7 {[%clk 0:02:34]} 12. Nxd7
{[%clk 0:02:40]} Qxd7 {[%clk 0:02:36]} 13. dxc5 {[%clk 0:02:40]} Bxc5
{[%clk 0:02:22]} 14. e4 {[%clk 0:02:38]} d4 {[%clk 0:01:52]} 15. cxd4
{[%clk 0:02:33]} Qxd4 {[%clk 0:01:33]} 16. Be3 {[%clk 0:02:29]} Qxd1
{[%clk 0:01:12]} 17. Raxd1 {[%clk 0:02:30]} Bxe3 {[%clk 0:01:13]} 18. Rxe3
{[%clk 0:02:31]} Rac8 {[%clk 0:01:14]} 19. Rc3 {[%clk 0:02:15]} Rxc3
{[%clk 0:00:57]} 20. bxc3 {[%clk 0:02:16]} Bc6 {[%clk 0:00:58]} 21. e5
{[%clk 0:02:11]} Bb5 {[%clk 0:00:56]} 22. Bf1 {[%clk 0:02:01]} Bxf1
{[%clk 0:00:41]} 23. Kxf1 {[%clk 0:02:03]} Rc8 {[%clk 0:00:43]} 24. Rd7
{[%clk 0:02:02]} a5 {[%clk 0:00:44]} 25. Rb7 {[%clk 0:02:00]} h5 {[%clk 0:00:45]}
26. Rxb6 {[%clk 0:01:45]} Rxc3 {[%clk 0:00:46]} 27. Rb5 {[%clk 0:01:26]} Ra3
{[%clk 0:00:47]} 28. Rb2 {[%clk 0:01:27]} g5 {[%clk 0:00:47]} 29. h3
{[%clk 0:01:24]} Kg7 {[%clk 0:00:48]} 30. Kg2 {[%clk 0:01:14]} g4
{[%clk 0:00:49]} 31. hxg4 {[%clk 0:01:13]} hxg4 {[%clk 0:00:49]} 32. Re2
{[%clk 0:01:12]} Kg6 {[%clk 0:00:49]} 33. Re4 {[%clk 0:01:11]} Kf5
{[%clk 0:00:45]} 34. Re2 {[%clk 0:01:05]} Rc3 {[%clk 0:00:44]} 35. Re1
{[%clk 0:00:24]} Rc2 {[%clk 0:00:39]} 36. Rb1 {[%clk 0:00:12]} Rxa2
{[%clk 0:00:39]} 37. Rb7 {[%clk 0:00:13]} Kg6 {[%clk 0:00:34]} 38. Rc7
{[%clk 0:00:14]} a4 {[%clk 0:00:17]} 39. Rc4 {[%clk 0:00:15]} Kf5
{[%clk 0:00:18]} 40. Rf4+ {[%clk 0:00:17]} Kxe5 {[%clk 0:00:19]} 41. Rxf7
{[%clk 0:00:16]} a3 {[%clk 0:00:11]} 42. Rg7 {[%clk 0:00:17]} Kf5
{[%clk 0:00:12]} 43. Rf7+ {[%clk 0:00:18]} Ke4 {[%clk 0:00:10]} 44. Rf4+
{[%clk 0:00:18]} Kd3 {[%clk 0:00:10]} 45. Rxg4 {[%clk 0:00:19]} Rc2
{[%clk 0:00:07]} 46. Ra4 {[%clk 0:00:19]} a2 {[%clk 0:00:08]} 47. g4
{[%clk 0:00:20]} Kc3 {[%clk 0:00:09]} 48. Ra6 {[%clk 0:00:21]} Kb2
{[%clk 0:00:10]} 49. Rb6+ {[%clk 0:00:21]} Kc1 {[%clk 0:00:11]} 50. Ra6
{[%clk 0:00:22]} Kb1 {[%clk 0:00:12]} 51. Rb6+ {[%clk 0:00:07]} Rb2
{[%clk 0:00:12]} 52. Rxe6 {[%clk 0:00:08]} a1=Q {[%clk 0:00:08]} 53. Re1+
{[%clk 0:00:09]} Ka2 {[%clk 0:00:09]} 54. Rxa1+ {[%clk 0:00:10]} Kxa1
{[%clk 0:00:10]} 55. g5 {[%clk 0:00:11]} Rb4 {[%clk 0:00:08]} 56. Kg3
{[%clk 0:00:11]} Kb2 {[%clk 0:00:09]} 57. f4 {[%clk 0:00:12]} Kc3
{[%clk 0:00:09]} 58. g6 {[%clk 0:00:11]} Kd4 {[%clk 0:00:07]} 59. Kg4
{[%clk 0:00:12]} Ke4 {[%clk 0:00:03]} 60. g7 {[%clk 0:00:09]} Rb1
{[%clk 0:00:05]} 61. Kg5 {[%clk 0:00:10]} Rg1+ {[%clk 0:00:05]} 62. Kf6
{[%clk 0:00:11]} Kxf4 {[%clk 0:00:06]} 63. Ke5+ Ke4+ 1/2-1/2

[Event "Blitz 2018"]
[Site "Saint-Petersburg"]
[Date "2018.12.30"]
[Round "12"]
[Board "50"]
[White "Shaydullina Sandugach (RUS)"]
[Black "Gvanceladze Anna (RUS)"]
[Result "0-1"]
[BlackElo "2142"]
[WhiteElo "2057"]
[LiveChessVersion "1.4.8"]

1. Nf3 {[%clk 0:03:03]} d5 {[%clk 0:03:03]} 2. c4 {[%clk 0:03:04]} c6
{[%clk 0:03:05]} 3. e3 {[%clk 0:03:04]} Nf6 {[%clk 0:03:05]} 4. Nc3
{[%clk 0:03:05]} g6 {[%clk 0:03:02]} 5. d4 {[%clk 0:03:05]} Bg7 {[%clk 0:03:03]}
6. h3 {[%clk 0:03:06]} O-O {[%clk 0:03:03]} 7. Bd3 {[%clk 0:03:07]} Nbd7
{[%clk 0:02:59]} 8. O-O {[%clk 0:03:06]} e6 {[%clk 0:02:43]} 9. b3
{[%clk 0:03:01]} b6 {[%clk 0:02:44]} 10. Bb2 Bb7 11. Qe2 {[%clk 0:03:01]} Rc8 12.
Rad1 Qc7 13. Ne5 Rfd8 14. f4 Qb8 15. e4 dxe4 16. Nxe4 Nxe4 17. Bxe4 Nf6 18. Bf3
c5 19. dxc5 bxc5 20. Ba3 Bxf3 21. Qxf3 Qc7 22. b4 cxb4 23. Bb2 a5 24. Kh2 h5 25.
Bd4 Rd6 26. c5 Rd5 27. Be3 Rcd8 28. Rc1 h4 29. Nc4 Nh5 30. c6 Bd4 31. Qe4 Bxe3
32. Qxe3 Rd3 33. Qb6 Rc8 34. Qxc7 Rxc7 35. Nxa5 Ra3 36. Nc4 Rxa2 37. Nd6 Ra6 38.
Nb5 Rcxc6 39. Rb1 Ra4 {[%clk 0:00:16]} 40. Nd4 {[%clk 0:00:17]} Rc4
{[%clk 0:00:16]} 41. Ne2 Ra2 42. Nc1 Rac2 43. Nd3 Ng3 44. Rfd1 R2c3 45. Nxb4 Rxf4
46. Nd3 {[%clk 0:00:14]} Rd4 47. Ne5 Rxd1 48. Rxd1 Rc7 49. Nf3 Nf5
{[%clk 0:00:07]} 50. Rd8+ Kg7 51. Rd2 Re7 52. Rd1 f6 53. Rb1 {[%clk 0:00:09]} g5
{[%clk 0:00:13]} 54. Rb5 {[%clk 0:00:08]} Ng3 {[%clk 0:00:13]} 55. Rb1
{[%clk 0:00:08]} e5 56. Nd4 {[%clk 0:00:09]} e4 {[%clk 0:00:14]} 57. Rb2
{[%clk 0:00:08]} Kg6 {[%clk 0:00:14]} 58. Ne6 {[%clk 0:00:06]} Rd7
{[%clk 0:00:11]} 59. Nf8+ {[%clk 0:00:00]} Rd1 {[%clk 0:00:11]} 0-1

[Event "Blitz 2018"]
[Site "Saint-Petersburg"]
[Date "2018.12.30"]
[Round "13"]
[Board "54"]
[White "Borisova Ekaterina (RUS)"]
[Black "Dumcheva Julia (RUS)"]
[Result "1-0"]
[BlackElo "2103"]
[WhiteElo "1997"]
[LiveChessVersion "1.4.8"]

1. d4 {[%clk 0:03:03]} Nf6 {[%clk 0:03:03]} 2. c4 {[%clk 0:03:03]} g6
{[%clk 0:03:02]} 3. g3 {[%clk 0:03:04]} Bg7 {[%clk 0:03:03]} 4. Bg2
{[%clk 0:03:05]} d6 {[%clk 0:03:03]} 5. Nc3 {[%clk 0:03:07]} O-O {[%clk 0:03:03]}
6. Nf3 {[%clk 0:03:08]} Nbd7 {[%clk 0:02:54]} 7. O-O {[%clk 0:03:08]} e6
{[%clk 0:02:51]} 8. e4 {[%clk 0:03:06]} c5 {[%clk 0:02:34]} 9. d5
{[%clk 0:02:36]} e5 {[%clk 0:02:30]} 10. a3 {[%clk 0:02:27]} a6 {[%clk 0:02:24]}
11. b4 {[%clk 0:02:24]} b6 {[%clk 0:02:02]} 1-0

[Event "Blitz 2018"]
[Site "Saint-Petersburg"]
[Date "2018.12.30"]
[Round "13"]
[Board "62"]
[White "Komiagina Maria (RUS)"]
[Black "Stetsko Lanita (BLR)"]
[Result "1/2-1/2"]
[BlackElo "2086"]
[WhiteElo "2143"]
[LiveChessVersion "1.4.8"]

1. e4 {[%clk 0:03:02]} e5 {[%clk 0:03:03]} 2. Nf3 {[%clk 0:03:03]} Nc6
{[%clk 0:03:03]} 3. Bb5 {[%clk 0:03:03]} a6 {[%clk 0:03:04]} 4. Ba4
{[%clk 0:03:04]} Nf6 {[%clk 0:03:05]} 5. d3 {[%clk 0:03:05]} d6 {[%clk 0:02:59]}
6. O-O {[%clk 0:03:02]} b5 {[%clk 0:02:55]} 7. Bb3 {[%clk 0:03:02]} Na5
{[%clk 0:02:56]} 8. h3 {[%clk 0:02:50]} Be7 {[%clk 0:02:44]} 9. Re1
{[%clk 0:02:49]} O-O {[%clk 0:02:21]} 10. Nbd2 {[%clk 0:02:47]} Nxb3
{[%clk 0:02:15]} 11. axb3 {[%clk 0:02:48]} Re8 {[%clk 0:02:03]} 12. Nf1
{[%clk 0:02:48]} Bf8 {[%clk 0:02:04]} 13. Ng3 {[%clk 0:02:35]} h6
{[%clk 0:01:46]} 14. Bd2 {[%clk 0:02:31]} d5 {[%clk 0:01:42]} 15. exd5
{[%clk 0:02:28]} Qxd5 {[%clk 0:01:41]} 16. Bc3 {[%clk 0:02:23]} Bb7
{[%clk 0:01:42]} 17. Ne4 {[%clk 0:02:14]} Nxe4 {[%clk 0:01:25]} 18. dxe4
{[%clk 0:02:15]} Qxd1 {[%clk 0:00:43]} 19. Raxd1 {[%clk 0:02:15]} Bd6
{[%clk 0:00:41]} 20. b4 {[%clk 0:02:12]} f6 {[%clk 0:00:40]} 21. Nh4
{[%clk 0:02:06]} Bc8 {[%clk 0:00:31]} 22. Rd2 {[%clk 0:02:01]} Be6
{[%clk 0:00:30]} 23. b3 {[%clk 0:01:53]} Kf7 {[%clk 0:00:31]} 24. Nf3
{[%clk 0:01:48]} Red8 {[%clk 0:00:29]} 25. Red1 {[%clk 0:01:44]} Be7
{[%clk 0:00:31]} 26. Kf1 {[%clk 0:01:36]} 1/2-1/2

[Event "Blitz 2018"]
[Site "Saint-Petersburg"]
[Date "2018.12.30"]
[Round "14"]
[Board "36"]
[White "Fominykh Maria (RUS)"]
[Black "Gevorgyan Maria (ARM)"]
[Result "1/2-1/2"]
[BlackElo "2283"]
[WhiteElo "2081"]
[LiveChessVersion "1.4.8"]

1. Nf3 {[%clk 0:03:03]} Nf6 {[%clk 0:03:02]} 2. g3 {[%clk 0:03:04]} e6
{[%clk 0:03:02]} 3. Bg2 {[%clk 0:03:04]} d5 {[%clk 0:03:03]} 4. d3
{[%clk 0:02:57]} Be7 {[%clk 0:03:04]} 5. O-O {[%clk 0:02:55]} c5 {[%clk 0:03:05]}
6. Nbd2 {[%clk 0:02:52]} Nc6 {[%clk 0:03:06]} 7. e4 {[%clk 0:02:53]} b5
{[%clk 0:03:04]} 8. Re1 {[%clk 0:02:52]} O-O {[%clk 0:03:02]} 9. e5
{[%clk 0:02:48]} Nd7 {[%clk 0:03:02]} 10. c4 {[%clk 0:02:36]} bxc4
{[%clk 0:02:54]} 11. dxc4 {[%clk 0:02:37]} Nb6 {[%clk 0:02:45]} 12. b3
{[%clk 0:02:18]} Rb8 {[%clk 0:02:35]} 13. h4 {[%clk 0:02:07]} dxc4
{[%clk 0:02:07]} 14. bxc4 {[%clk 0:01:54]} Ba6 {[%clk 0:01:51]} 15. Bf1
{[%clk 0:01:43]} Nd4 {[%clk 0:01:46]} 16. Ne4 {[%clk 0:00:27]} Bxc4
{[%clk 0:01:32]} 17. Bg5 {[%clk 0:00:23]} Bxf1 {[%clk 0:01:20]} 18. Bxe7
{[%clk 0:00:16]} Qxe7 {[%clk 0:01:18]} 19. Kxf1 {[%clk 0:00:12]} Rfd8
{[%clk 0:01:19]} 20. Nfg5 {[%clk 0:00:11]} h6 {[%clk 0:01:08]} 21. Nh3
{[%clk 0:00:10]} Nc4 {[%clk 0:01:04]} 22. Qc1 {[%clk 0:00:11]} Nxe5
{[%clk 0:01:03]} 23. Qxc5 {[%clk 0:00:11]} Qxc5 {[%clk 0:01:02]} 24. Nxc5
{[%clk 0:00:12]} Nef3 {[%clk 0:01:01]} 25. Red1 {[%clk 0:00:12]} Rb2
{[%clk 0:00:59]} 26. Nd3 {[%clk 0:00:11]} Rd2 {[%clk 0:00:49]} 27. Nhf4
{[%clk 0:00:04]} Nc2 {[%clk 0:00:29]} 28. Rac1 {[%clk 0:00:04]} Rxd1+
{[%clk 0:00:30]} 29. Rxd1 {[%clk 0:00:05]} e5 {[%clk 0:00:31]} 30. Ne2
{[%clk 0:00:04]} e4 {[%clk 0:00:27]} 31. Nb2 {[%clk 0:00:05]} Rxd1+
{[%clk 0:00:28]} 32. Nxd1 {[%clk 0:00:06]} Nd2+ {[%clk 0:00:28]} 33. Kg2
{[%clk 0:00:07]} Ne1+ {[%clk 0:00:27]} 34. Kh3 {[%clk 0:00:08]} Kf8
{[%clk 0:00:28]} 35. Nec3 {[%clk 0:00:08]} Ke7 {[%clk 0:00:29]} 36. Ne3
{[%clk 0:00:08]} Ke6 {[%clk 0:00:29]} 37. Kg4 {[%clk 0:00:07]} Ke5
{[%clk 0:00:30]} 38. Nb5 {[%clk 0:00:07]} g6 {[%clk 0:00:30]} 39. Nxa7
{[%clk 0:00:07]} f5+ {[%clk 0:00:31]} 40. Kh3 {[%clk 0:00:09]} Nd3
{[%clk 0:00:32]} 41. Kg2 {[%clk 0:00:07]} Nb4 {[%clk 0:00:32]} 42. a4
{[%clk 0:00:07]} Nb3 {[%clk 0:00:31]} 43. Nc4+ {[%clk 0:00:07]} Kd4
{[%clk 0:00:32]} 44. Nd6 {[%clk 0:00:08]} Kc5 {[%clk 0:00:24]} 45. Nf7
{[%clk 0:00:08]} Kd5 {[%clk 0:00:22]} 46. Nxh6 {[%clk 0:00:08]} Nc5
{[%clk 0:00:23]} 47. Nc8 {[%clk 0:00:08]} Nxa4 {[%clk 0:00:22]} 48. Ne7+
{[%clk 0:00:09]} Ke6 {[%clk 0:00:22]} 49. Nxg6 {[%clk 0:00:10]} Kf6
{[%clk 0:00:23]} 50. Nf4 {[%clk 0:00:10]} Nc5 {[%clk 0:00:23]} 51. Ng8+
{[%clk 0:00:10]} Kf7 {[%clk 0:00:24]} 52. Nh6+ {[%clk 0:00:11]} Kf6
{[%clk 0:00:25]} 53. Ng8+ {[%clk 0:00:12]} Kg7 {[%clk 0:00:22]} 54. Ne7
{[%clk 0:00:13]} Kf6 {[%clk 0:00:23]} 55. Ned5+ {[%clk 0:00:14]} Nxd5
{[%clk 0:00:23]} 56. Nxd5+ {[%clk 0:00:15]} Ke5 {[%clk 0:00:24]} 57. Nf4
{[%clk 0:00:14]} Nd7 {[%clk 0:00:25]} 58. Kf1 {[%clk 0:00:11]} Nf6
{[%clk 0:00:23]} 59. Ke2 {[%clk 0:00:11]} Kd4 {[%clk 0:00:14]} 60. f3
{[%clk 0:00:10]} Ke5 {[%clk 0:00:16]} 61. h5 {[%clk 0:00:09]} Kd4
{[%clk 0:00:07]} 62. h6 {[%clk 0:00:08]} Ke5 {[%clk 0:00:09]} 63. fxe4
{[%clk 0:00:05]} Kxe4 {[%clk 0:00:09]} 64. Ne6 {[%clk 0:00:06]} Nh7
{[%clk 0:00:11]} 65. Kf2 {[%clk 0:00:06]} Ke5 {[%clk 0:00:11]} 66. Ng7
{[%clk 0:00:07]} Kf6 {[%clk 0:00:12]} 67. Ke3 {[%clk 0:00:06]} Kg5
{[%clk 0:00:07]} 68. Nxf5 {[%clk 0:00:04]} Kxf5 {[%clk 0:00:08]} 69. Kf3
{[%clk 0:00:05]} Ke5 70. Ke4+ 1/2-1/2

[Event "Blitz 2018"]
[Site "Saint-Petersburg"]
[Date "2018.12.30"]
[Round "14"]
[Board "54"]
[White "Iljushina Olga (RUS)"]
[Black "Strutinskaia Galina (RUS)"]
[Result "0-1"]
[BlackElo "2346"]
[WhiteElo "2093"]
[LiveChessVersion "1.4.8"]

1. d4 {[%clk 0:03:03]} Nf6 {[%clk 0:03:03]} 2. c4 {[%clk 0:03:03]} g6
{[%clk 0:03:02]} 3. g3 {[%clk 0:03:04]} Bg7 {[%clk 0:03:03]} 4. Bg2
{[%clk 0:03:05]} d6 {[%clk 0:03:03]} 5. Nc3 {[%clk 0:03:07]} O-O {[%clk 0:03:03]}
6. Nf3 {[%clk 0:03:08]} Nbd7 {[%clk 0:02:54]} 7. O-O {[%clk 0:03:08]} e6
{[%clk 0:02:51]} 8. e4 {[%clk 0:03:06]} c5 {[%clk 0:02:34]} 9. d5
{[%clk 0:02:36]} e5 {[%clk 0:02:30]} 10. a3 {[%clk 0:02:27]} a6 {[%clk 0:02:24]}
11. b4 {[%clk 0:02:24]} b6 {[%clk 0:02:02]} 12. Qe2 {[%clk 0:02:16]} cxb4
{[%clk 0:01:59]} 13. axb4 {[%clk 0:02:17]} Bb7 {[%clk 0:02:00]} 14. Bb2
{[%clk 0:01:22]} Qc7 {[%clk 0:01:43]} 15. Nd2 {[%clk 0:01:23]} Rfc8
{[%clk 0:01:29]} 16. Rae1 {[%clk 0:01:14]} Nh5 {[%clk 0:01:02]} 17. Qe3
{[%clk 0:01:14]} b5 {[%clk 0:01:02]} 18. cxb5 {[%clk 0:01:11]} axb5
{[%clk 0:01:03]} 19. Nxb5 {[%clk 0:01:01]} Qb6 {[%clk 0:01:04]} 20. Nc3
{[%clk 0:01:00]} Rab8 {[%clk 0:00:39]} 21. Bh3 {[%clk 0:00:59]} Rc7
{[%clk 0:00:27]} 22. Ra1 {[%clk 0:00:48]} Ba6 {[%clk 0:00:13]} 23. Rfc1
{[%clk 0:00:49]} Bd3 {[%clk 0:00:06]} 24. Ba3 {[%clk 0:00:45]} Qb7
{[%clk 0:00:07]} 25. Na4 {[%clk 0:00:40]} Bf8 {[%clk 0:00:07]} 0-1

[Event "Blitz 2018"]
[Site "Saint-Petersburg"]
[Date "2018.12.30"]
[Round "14"]
[Board "57"]
[White "Makarenko Alexandra (RUS)"]
[Black "Smirnova Ekaterina (RUS)"]
[Result "0-1"]
[BlackElo "1958"]
[WhiteElo "2065"]
[LiveChessVersion "1.4.8"]

1. e4 {[%clk 0:03:02]} e6 {[%clk 0:03:04]} 2. d4 {[%clk 0:03:00]} d5
{[%clk 0:03:05]} 3. Nc3 {[%clk 0:03:00]} Bb4 {[%clk 0:03:06]} 4. e5
{[%clk 0:03:01]} c5 {[%clk 0:03:07]} 5. a3 {[%clk 0:03:02]} Bxc3+
{[%clk 0:03:08]} 6. bxc3 Qc7 7. Qg4 {[%clk 0:02:22]} f6 {[%clk 0:03:11]} 8. Bd2
{[%clk 0:01:45]} Qf7 {[%clk 0:03:08]} 9. f4 {[%clk 0:01:37]} Nc6 {[%clk 0:03:03]}
10. Bb5 {[%clk 0:01:34]} Bd7 {[%clk 0:03:01]} 11. Ne2 {[%clk 0:01:29]} c4
{[%clk 0:02:51]} 12. O-O {[%clk 0:01:27]} f5 {[%clk 0:02:52]} 13. Qf3
{[%clk 0:01:27]} Nge7 {[%clk 0:02:47]} 14. Bxc6 {[%clk 0:01:25]} Bxc6
{[%clk 0:02:47]} 15. Kh1 {[%clk 0:01:23]} O-O-O {[%clk 0:02:46]} 16. Rfb1
{[%clk 0:01:22]} h6 {[%clk 0:02:45]} 17. a4 {[%clk 0:01:21]} Rdg8
{[%clk 0:02:44]} 18. a5 {[%clk 0:01:15]} a6 {[%clk 0:02:45]} 19. Nc1
{[%clk 0:01:09]} g5 {[%clk 0:02:45]} 20. Na2 {[%clk 0:01:11]} Bb5
{[%clk 0:02:31]} 21. Qf1 {[%clk 0:00:39]} Nc6 {[%clk 0:02:28]} 22. Rxb5
{[%clk 0:00:17]} axb5 {[%clk 0:02:29]} 23. Qb1 {[%clk 0:00:18]} Na7
{[%clk 0:02:23]} 24. Nb4 {[%clk 0:00:19]} gxf4 {[%clk 0:02:19]} 25. Bxf4
{[%clk 0:00:20]} Rg4 {[%clk 0:02:20]} 26. g3 {[%clk 0:00:22]} Rhg8
{[%clk 0:02:12]} 27. a6 {[%clk 0:00:22]} b6 {[%clk 0:02:11]} 28. Qe1
{[%clk 0:00:15]} Qh5 {[%clk 0:01:56]} 29. Nc6 Nxc6 30. a7 Kb7 {[%clk 0:01:35]}
31. Qb1 {[%clk 0:00:06]} Rxf4 {[%clk 0:01:16]} 32. a8=Q+ {[%clk 0:00:07]} Rxa8
{[%clk 0:01:17]} 33. Rxa8 {[%clk 0:00:07]} Qf3+ {[%clk 0:01:14]} 34. Kg1
{[%clk 0:00:09]} Qe3+ {[%clk 0:01:05]} 35. Kh1 {[%clk 0:00:08]} Qf3+
{[%clk 0:00:57]} 36. Kg1 {[%clk 0:00:09]} Qf2+ 37. Kh1 Re4 {[%clk 0:00:51]} 38.
Ra1 {[%clk 0:00:07]} Re2 {[%clk 0:00:50]} 39. Qg1 {[%clk 0:00:08]} Qxg1+
{[%clk 0:00:51]} 40. Kxg1 {[%clk 0:00:08]} Rxc2 {[%clk 0:00:52]} 41. g4
{[%clk 0:00:05]} fxg4 {[%clk 0:00:52]} 42. Rf1 {[%clk 0:00:06]} Rxc3
{[%clk 0:00:49]} 43. Rf7+ {[%clk 0:00:07]} Ka6 {[%clk 0:00:49]} 44. Rg7
{[%clk 0:00:06]} h5 {[%clk 0:00:46]} 45. Rg5 {[%clk 0:00:07]} Nxd4
{[%clk 0:00:46]} 46. Rxh5 {[%clk 0:00:08]} b4 {[%clk 0:00:47]} 47. Kf2
{[%clk 0:00:06]} b3 {[%clk 0:00:48]} 48. Rh8 {[%clk 0:00:06]} b2 {[%clk 0:00:46]}
49. Ra8+ {[%clk 0:00:06]} Kb7 {[%clk 0:00:47]} 50. Ra1 {[%clk 0:00:06]} bxa1=Q
{[%clk 0:00:45]} 51. Kg3 {[%clk 0:00:07]} 0-1